Statistiques concernant Les héros de bandes dessinées

Cliquez ici pour prendre le quiz!

Statistiques générales

  • Ce quiz a été pris 723 fois
  • Le résultat moyen est 10 sur 22

Statistiques - réponses

Auteur(s)Héros de la BD% Correct
Hergé (1930)Tintin
99%
Uderzo et Goscinny (1961)Astérix
94%
Zep (1993)Titeuf
82%
Morris et Goscinny (1949)Lucky Luke
75%
André Franquin (1960)Gaston Lagaffe
72%
Franquin et Greg (1950)Spirou
69%
Peyo (1959)Les schtroumpfs
56%
Roba (1962)Boule et Bill
55%
Edgar P.Jacobs (1950)Blake et Mortimer
49%
André Franquin (1951)Marsupilami
39%
Jacques Martin (1956)Alix
38%
Peyo (1954)Johan et Pirlouit
33%
Greg (1963)Achille Talon
31%
Franck / Van Hamme (1990Largo Winch
30%
Jean Graton (1959)Michel Vaillant
28%
Jean Van Hamme et Grzegorz Rosinski (1977)Thorgal
28%
Salvérius / Cauvin (1972)Les tuniques bleues
24%
Tabary / Goscinny (1966)Iznogoud
23%
Tibet et Duchateau (1963)Ric Hochet
14%
Jacques Martin (1954)Lefranc
13%
Henri Vernes (1953)Bob Morane
10%
Hergé (1936)Jo et Zette
5%

Distribution des résultats

Percentile par nombre de réponses

% des personnes avec chaque résultat

Votre développement - résultats

Vous n’avez pas pris ce quiz